Los relatos de la malaria (Registro nro. 253678)
[ vista simple ]
| 001 - NÚMERO DE CONTROL | |
|---|---|
| campo de control | 761795 |
| 005 - FECHA Y HORA DE LA ÚLTIMA TRANSACCIÓN | |
| campo de control | 20260122100019.0 |
| 008 - DATOS DE LONGITUD FIJA--INFORMACIÓN GENERAL | |
| campo de control de longitud fija | 020717s2002 spa |
| 035 ## - NÚMERO DE CONTROL DEL SISTEMA | |
| Número de control de sistema | 761795 |
| 035 ## - NÚMERO DE CONTROL DEL SISTEMA | |
| Número de control de sistema | (OCoLC)819980999 |
| 040 ## - FUENTE DE LA CATALOGACIÓN | |
| Centro/agencia transcriptor | comduadb |
| 041 ## - CÓDIGO DE LENGUA | |
| Código de lengua del texto/banda sonora o título independiente | spa |
| 100 10 - ENTRADA PRINCIPAL--NOMBRE DE PERSONA | |
| Nombre de persona | Lopez, Olga |
| Código de función | aut |
| Término indicativo de función/relación | Autor/a |
| 9 (RLIN) | 297083 |
| 245 14 - MENCIÓN DE TÍTULO | |
| Título | Los relatos de la malaria |
| 650 #7 - PUNTO DE ACCESO ADICIONAL DE MATERIA--TÉRMINO DE MATERIA | |
| Término de materia o nombre geográfico como elemento de entrada | Medicina |
| Fuente del encabezamiento o término | dcs |
| 9 (RLIN) | 4821 |
| 650 ## - PUNTO DE ACCESO ADICIONAL DE MATERIA--TÉRMINO DE MATERIA | |
| Término de materia o nombre geográfico como elemento de entrada | Metafísica y medicina |
| 9 (RLIN) | 103038 |
| 650 #7 - PUNTO DE ACCESO ADICIONAL DE MATERIA--TÉRMINO DE MATERIA | |
| Término de materia o nombre geográfico como elemento de entrada | Biología |
| Fuente del encabezamiento o término | dcs |
| 9 (RLIN) | 2119 |
| 650 #7 - PUNTO DE ACCESO ADICIONAL DE MATERIA--TÉRMINO DE MATERIA | |
| Término de materia o nombre geográfico como elemento de entrada | Ciencias de la vida |
| Fuente del encabezamiento o término | lemb |
| 9 (RLIN) | 13079 |
| 650 #7 - PUNTO DE ACCESO ADICIONAL DE MATERIA--TÉRMINO DE MATERIA | |
| Término de materia o nombre geográfico como elemento de entrada | Malaria |
| Fuente del encabezamiento o término | lemb |
| 9 (RLIN) | 21094 |
| 650 ## - PUNTO DE ACCESO ADICIONAL DE MATERIA--TÉRMINO DE MATERIA | |
| Término de materia o nombre geográfico como elemento de entrada | Metáforas en medicina |
| 9 (RLIN) | 103039 |
| 650 ## - PUNTO DE ACCESO ADICIONAL DE MATERIA--TÉRMINO DE MATERIA | |
| Término de materia o nombre geográfico como elemento de entrada | Filosofia y medicina |
| 9 (RLIN) | 26741 |
| 700 10 - ENTRADA AGREGADA--NOMBRE PERSONAL | |
| Nombre de persona | Blair Trujillo, Silvia |
| Código de función | aut |
| Término indicativo de función/relación | Autor/a |
| 9 (RLIN) | 517907 |
| 773 0# - ENLACE AL DOCUMENTO FUENTE/ENTRADA DE REGISTRO ANFITRIÓN | |
| Título | Revista Universidad de Antioquia (Medellín) |
| Parte(s) relacionada(s) | Número 0268, Abril-Junio 2002, p. 38-48 |
| Número de control del registro | 8343 |
| Número Internacional Normalizado para Publicaciones Seriadas | 0120-2367 |
| Número bibliográfico anfitrión | 3907 |
| 942 ## - ELEMENTOS DE ENTRADA AGREGADA (KOHA) | |
| Tipo de ítem Koha | Artículo de Revista |
No hay ítems disponibles.